00310nam a2200121Ia 4500008004100000041000800041082001200049100002000061245002300081260004100104300003200145365001100177240624s9999 xx 000 0 und d aeng a828 ZAI aZAIDI S HUSSAIN aBYCULLA TO BANGKOK c2014aNew DelhibHarperCollins India aviii, : 277 : p. : cm. ; 21 cRSb25